[Event "Glasgow Open"]
[Site "Glasgow"]
[Date "1978.09.24"]
[Round "5"]
[White "McDonald, W."]
[Black "Hood, GG."]
[Result "1-0"]
[WhiteElo "1865"]
[BlackElo "1920"]
[PlyCount "29"]
[EventDate "1978.09.22"]
[EventType "swiss"]
[EventRounds "6"]
[EventCountry "SCO"]
[SourceTitle "BritBase"]
[Source "Alistair Maxwel"]
[SourceDate "2025.11.13"]
[SourceVersion "1"]
[SourceVersionDate "2025.11.13"]
[SourceQuality "1"]

1. e4 c5 2. Nf3 Nc6 3. d4 cxd4 4. Nxd4 g6 5. Nc3 Bg7 6. Be3 Nf6 7. Nxc6 dxc6 8. Qxd8+ Kxd8 9. O-O-O+ Kc7 10. Bf4+ Kb6 11. Na4+ Ka5 12. Rd4 Nd5 13. Bd2+ Nb4 14. Rxb4 b5 15. Rxb5+ 1-0

[Event "Glasgow Open"]
[Site "Glasgow"]
[Date "1978.09.24"]
[Round "5"]
[White "Coffey, John"]
[Black "Shields, AF."]
[Result "0-1"]
[WhiteElo "1960"]
[BlackElo "1810"]
[PlyCount "96"]
[EventDate "1978.09.22"]
[EventType "swiss"]
[EventRounds "6"]
[EventCountry "SCO"]
[SourceTitle "BritBase"]
[Source "Alistair Maxwel"]
[SourceDate "2025.11.13"]
[SourceVersion "1"]
[SourceVersionDate "2025.11.13"]
[SourceQuality "1"]

1. d4 Nf6 2. Nc3 e6 3. e4 d5 4. e5 Nfd7 5. Nf3 c5 6. Be3 Nc6 7. Bb5 a6 8. Bxc6 bxc6 9. O-O cxd4 10. Bg5 Be7 11. Bxe7 Qxe7 12. Qxd4 c5 13. Qf4 O-O 14. Rfe1 Rb8 15. b3 Bb7 16. Rad1 Rfc8 17. Ne2 c4 18. Ng3 cxb3 19. cxb3 Rc2 20. a4 Rc3 21. Nd4 Rbc8 22. Nge2 R3c7 23. h3 Nf8 24. Qe3 Ng6 25. f4 Nf8 26. g4 Nd7 27. Kg2 h6 28. Kg3 Nc5 29. Kh2 Ne4 30. Ng3 Rc3 31. Ngf5 exf5 32. Nxf5 Qb4 33. Qa7 Rc2+ 34. Kg1 Qc5+ 35. Qxc5 R8xc5 36. b4 Rc7 37. Nd6 Nxd6 38. exd6 Rd7 39. Re8+ Kh7 40. Rb8 Rc6 41. b5 Rcxd6 42. f5 axb5 43. axb5 d4 44. Re1 g6 45. fxg6+ Kxg6 46. h4 Re6 47. Rxe6+ fxe6 48. Kf1 d3 0-1

[Event "Glasgow Open"]
[Site "Glasgow"]
[Date "1978.09.24"]
[Round "5"]
[White "Hutton, Tom"]
[Black "Walsh, Peter W"]
[Result "0-1"]
[WhiteElo "1755"]
[BlackElo "1865"]
[PlyCount "66"]
[EventDate "1978.09.22"]
[EventType "swiss"]
[EventRounds "6"]
[EventCountry "SCO"]
[SourceTitle "BritBase"]
[Source "Alistair Maxwel"]
[SourceDate "2025.11.13"]
[SourceVersion "1"]
[SourceVersionDate "2025.11.13"]
[SourceQuality "1"]

1. e4 c5 2. d4 cxd4 3. c3 dxc3 4. Nxc3 e6 5. Nf3 Nc6 6. Bc4 a6 7. O-O d6 8. Qe2 Qc7 9. Bf4 Ne5 10. Nxe5 dxe5 11. Bg5 Be7 12. Bxe7 Nxe7 13. Rac1 Nc6 14. Rfd1 O-O 15. a3 Qe7 16. Rd3 b5 17. Ba2 Qg5 18. Qf1 Nd4 19. f4 Qf6 20. fxe5 Qxf1+ 21. Rxf1 Nc6 22. Rfd1 Nxe5 23. Rd4 Ra7 24. h3 Rd7 25. Rxd7 Bxd7 26. Rd6 Bc6 27. Kf2 Rc8 28. Ke2 Kf8 29. Kd1 Ke7 30. Rd4 Rd8 31. Rxd8 Kxd8 32. b3 Nd3 33. a4 Nf2+ 0-1

[Event "Glasgow Open"]
[Site "Glasgow"]
[Date "1978.09.25"]
[Round "6"]
[White "Swanson, Stephen"]
[Black "Pritchett, Craig William"]
[Result "0-1"]
[WhiteElo "2355"]
[BlackElo "2400"]
[PlyCount "80"]
[EventDate "1978.09.22"]
[EventType "swiss"]
[EventRounds "6"]
[EventCountry "SCO"]
[SourceTitle "BritBase"]
[Source "Alistair Maxwel"]
[SourceDate "2025.11.13"]
[SourceVersion "1"]
[SourceVersionDate "2025.11.13"]
[SourceQuality "1"]

1. e4 c5 2. Nf3 e6 3. d4 cxd4 4. Nxd4 Nf6 5. Nc3 d6 6. g3 Nc6 7. Bg2 Bd7 8. O-O Be7 9. Nce2 O-O 10. c4 a6 11. b3 Qa5 12. Bb2 Rac8 13. Nc2 Rfd8 14. Ne3 Be8 15. Kh1 Ne5 16. Nc3 b5 17. f4 Ng6 18. Qe2 Bc6 19. a3 Qb6 20. Rae1 Qb7 21. cxb5 axb5 22. Nc2 Qb6 23. Nb4 Be8 24. Nd3 Bf8 25. f5 Ne5 26. Nf4 Bd7 27. Bh3 Re8 28. fxe6 fxe6 29. Nd1 b4 30. a4 Nxe4 31. Bxe5 dxe5 32. Nd5 Qb7 33. Rxf8+ Rxf8 34. Ne7+ Kf7 35. Bg2 Kxe7 36. Bxe4 Bc6 37. Kg2 Bxe4+ 38. Qxe4 Rc2+ 39. Kh3 Qxe4 40. Rxe4 Rf3 0-1

[Event "Glasgow Open"]
[Site "Glasgow"]
[Date "1978.09.25"]
[Round "6"]
[White "Scrimgour, Alan"]
[Black "McKay, Roderick McIntosh"]
[Result "1/2-1/2"]
[WhiteElo "2105"]
[BlackElo "2335"]
[PlyCount "84"]
[EventDate "1978.09.22"]
[EventType "swiss"]
[EventRounds "6"]
[EventCountry "SCO"]
[SourceTitle "BritBase"]
[Source "Alistair Maxwel"]
[SourceDate "2025.11.13"]
[SourceVersion "1"]
[SourceVersionDate "2025.11.13"]
[SourceQuality "1"]

1. e4 c6 2. d4 d5 3. Nc3 dxe4 4. Nxe4 Nf6 5. Nxf6+ gxf6 6. Nf3 Bf5 7. Bd3 Bg6 8. O-O e6 9. c4 Na6 10. a3 Nc7 11. Qb3 Rb8 12. Bf4 Bd6 13. Bh6 b5 14. cxb5 cxb5 15. d5 Nxd5 16. Bxb5+ Ke7 17. Nd4 Qb6 18. Qa4 Nc7 19. Nc6+ Ke8 20. Nxb8+ Nxb5 21. Na6 Rg8 22. Rfd1 Ke7 23. Rac1 Qb7 24. Rxd6 Bc2 25. Rd7+ Kxd7 26. Nc5+ Ke7 27. Nxb7 Bxa4 28. Nc5 Rg4 29. Be3 Nd4 30. Bxd4 Rxd4 31. Nxa4 Rxa4 32. Rc7+ Ke8 33. Rb7 Rc4 34. g3 a5 35. Kg2 Rc2 36. Rb5 Ke7 37. Rxa5 Rxb2 38. Ra7+ Kf8 39. a4 Ra2 40. a5 f5 41. h4 Kg7 42. a6 e5 1/2-1/2

[Event "Glasgow Open"]
[Site "Glasgow"]
[Date "1978.09.25"]
[Round "6"]
[White "Walker, Roger H"]
[Black "Morrison, Graham"]
[Result "1/2-1/2"]
[WhiteElo "2075"]
[BlackElo "2230"]
[PlyCount "97"]
[EventDate "1978.09.22"]
[EventType "swiss"]
[EventRounds "6"]
[EventCountry "SCO"]
[SourceTitle "BritBase"]
[Source "Alistair Maxwel"]
[SourceDate "2025.11.13"]
[SourceVersion "1"]
[SourceVersionDate "2025.11.13"]
[SourceQuality "1"]

1. d4 Nf6 2. c4 e6 3. Nf3 b6 4. a3 c5 5. d5 Ba6 6. e3 exd5 7. cxd5 Bxf1 8. Kxf1 d6 9. h3 g6 10. a4 Bg7 11. Kg1 O-O 12. Kh2 Ne4 13. Qc2 Re8 14. Nc3 Nxc3 15. bxc3 Nd7 16. Bb2 Qf6 17. Rhd1 Rab8 18. Rab1 Ne5 19. Nxe5 Qxe5+ 20. Kg1 Qe4 21. Qb3 Re5 22. c4 Rg5 23. g3 Qf3 24. Bxg7 Kxg7 25. Qc3+ Kg8 26. Qd3 Re8 27. Qf1 Rxe3 28. Qg2 Qxg2+ 29. Kxg2 Re2 30. Re1 Rge5 31. Rxe2 Rxe2 32. a5 bxa5 33. Ra1 Rc2 34. Rxa5 Rxc4 35. Ra6 Rd4 36. Rxd6 c4 37. Rc6 a5 38. Kf3 Kf8 39. Rc5 a4 40. Ke3 Rd3+ 41. Ke2 Rc3 42. Kd2 Rf3 43. Ke2 Rb3 44. Rxc4 a3 45. Ra4 Ke7 46. Ra6 Rb2+ 47. Ke3 a2 48. d6+ Kd7 49. Kf3 1/2-1/2

[Event "Glasgow Open"]
[Site "Glasgow"]
[Date "1978.09.25"]
[Round "6"]
[White "Moultrie, George B"]
[Black "Giulian, Philip Maurice"]
[Result "0-1"]
[WhiteElo "2095"]
[BlackElo "2160"]
[PlyCount "42"]
[EventDate "1978.09.22"]
[EventType "swiss"]
[EventRounds "6"]
[EventCountry "SCO"]
[SourceTitle "BritBase"]
[Source "Alistair Maxwel"]
[SourceDate "2025.11.13"]
[SourceVersion "1"]
[SourceVersionDate "2025.11.13"]
[SourceQuality "1"]

1. e4 e6 2. d4 d5 3. Nc3 Bb4 4. e5 c5 5. dxc5 Nc6 6. Nf3 Nge7 7. Bb5 Bxc5 8. O-O Ng6 9. Qe2 O-O 10. Bd3 f5 11. exf6 Qxf6 12. Bg5 Qf7 13. Rae1 h6 14. Bc1 Nf4 15. Bxf4 Qxf4 16. Nd1 e5 17. Nxe5 Bd6 18. Bh7+ Kxh7 19. Qd3+ Bf5 20. Qxd5 Bxe5 21. g3 Qd4 0-1

[Event "Glasgow Open"]
[Site "Glasgow"]
[Date "1978.09.25"]
[Round "6"]
[White "Norris, Alan J"]
[Black "Holmes, Hugh Douglas"]
[Result "1-0"]
[WhiteElo "2135"]
[BlackElo "2080"]
[PlyCount "65"]
[EventDate "1978.09.22"]
[EventType "swiss"]
[EventRounds "6"]
[EventCountry "SCO"]
[SourceTitle "BritBase"]
[Source "Alistair Maxwel"]
[SourceDate "2025.11.13"]
[SourceVersion "1"]
[SourceVersionDate "2025.11.13"]
[SourceQuality "1"]

1. e4 d5 2. exd5 Nf6 3. c4 c6 4. Nc3 cxd5 5. d4 g6 6. cxd5 Bg7 7. Bb5+ Nbd7 8. Nge2 O-O 9. Nf4 Nb6 10. Qb3 Bf5 11. O-O Ne4 12. Re1 Nd6 13. Be3 Rc8 14. a4 Nbc4 15. Bxc4 Rxc4 16. Nfe2 Qa5 17. Bd2 Rb4 18. Qd1 Rxb2 19. Ne4 Qxd5 20. N4c3 Qc4 21. Bf4 Rc8 22. Rc1 Qb3 23. Qxb3 Rxb3 24. Nd5 Kf8 25. Nxe7 Rd8 26. Bxd6 Rxd6 27. Nxf5 gxf5 28. Rc8+ Ke7 29. Nc1+ Kd7 30. Rg8 Rb1 31. Rxg7 Re6 32. Rxf7+ Kd6 33. Rf1 1-0

[Event "Glasgow Open"]
[Site "Glasgow"]
[Date "1978.09.25"]
[Round "6"]
[White "Gray, William"]
[Black "Reid, Alan"]
[Result "1/2-1/2"]
[WhiteElo "2005"]
[BlackElo "2130"]
[PlyCount "101"]
[EventDate "1978.09.22"]
[EventType "swiss"]
[EventRounds "6"]
[EventCountry "SCO"]
[SourceTitle "BritBase"]
[Source "Alistair Maxwel"]
[SourceDate "2025.11.13"]
[SourceVersion "1"]
[SourceVersionDate "2025.11.13"]
[SourceQuality "1"]

1. Nf3 d5 2. b3 Nf6 3. Bb2 e6 4. e3 Be7 5. Be2 O-O 6. O-O c5 7. Ne5 Nbd7 8. f4 Nxe5 9. fxe5 Nd7 10. c4 f6 11. d4 fxe5 12. cxd5 exd4 13. exd4 exd5 14. Nc3 Rxf1+ 15. Bxf1 Nf6 16. Be2 Be6 17. Bf3 Qd7 18. Na4 cxd4 19. Qxd4 b6 20. Rc1 Rc8 21. Rxc8+ Qxc8 22. Qe5 Qd7 23. Nc3 Bd6 24. Qe2 Bf7 25. Nb5 Bc5+ 26. Nd4 Qe6 27. Qxe6 Bxe6 28. b4 Bxd4+ 29. Bxd4 Kf7 30. a4 Nd7 31. Be2 Nb8 32. a5 Nc6 33. axb6 axb6 34. Bxb6 Nxb4 35. Kf2 Nc6 36. Bb5 Ne5 37. Be2 Kf6 38. h3 Kf5 39. Bf3 Nc4 40. Bd4 g6 41. Bc3 Bf7 42. Bd4 Na3 43. Bc5 Nb5 44. Be2 Nc3 45. Bd3+ Ke5 46. Ke3 Nd1+ 47. Kd2 Nb2 48. Ke3 Nxd3 49. Kxd3 Kf4 50. Bd6+ Kg5 51. g3 1/2-1/2

[Event "Glasgow Open"]
[Site "Glasgow"]
[Date "1978.09.25"]
[Round "6"]
[White "Radlow, Allan"]
[Black "Kilgour, Brian"]
[Result "1/2-1/2"]
[WhiteElo "2005"]
[BlackElo "1905"]
[PlyCount "84"]
[EventDate "1978.09.22"]
[EventType "swiss"]
[EventRounds "6"]
[EventCountry "SCO"]
[SourceTitle "BritBase"]
[Source "Alistair Maxwel"]
[SourceDate "2025.11.13"]
[SourceVersion "1"]
[SourceVersionDate "2025.11.13"]
[SourceQuality "1"]

1. e4 e5 2. Nc3 Bc5 3. Nf3 Nc6 4. Bb5 a6 5. Bxc6 dxc6 6. O-O Qf6 7. h3 Be6 8. d3 h6 9. Qe2 O-O-O 10. Be3 Bxe3 11. Qxe3 Kb8 12. Rad1 Ne7 13. d4 exd4 14. Nxd4 Bc8 15. f4 Rhe8 16. Qf2 c5 17. Nde2 b6 18. Ng3 g6 19. a4 Bb7 20. a5 Qc6 21. axb6 cxb6 22. e5 Nd5 23. Nce4 Re7 24. c4 Red7 25. cxd5 Rxd5 26. Nd6 Rxd1 27. Rxd1 Qa4 28. Rd2 Qb4 29. Nf1 Rd7 30. Nxb7 Rxb7 31. Rd8+ Ka7 32. Qd2 Qxd2 33. Nxd2 b5 34. b3 Rc7 35. Rd3 a5 36. Kf2 Kb6 37. Ke2 c4 38. bxc4 bxc4 39. Rc3 Kb5 40. Kd1 Kb4 41. Kc2 a4 42. Nb1 Rd7 1/2-1/2

[Event "Glasgow Open"]
[Site "Glasgow"]
[Date "1978.09.25"]
[Round "6"]
[White "Borland, Thomas E"]
[Black "Grant, Alan G"]
[Result "0-1"]
[WhiteElo "1910"]
[BlackElo "1985"]
[PlyCount "158"]
[EventDate "1978.09.22"]
[EventType "swiss"]
[EventRounds "6"]
[EventCountry "SCO"]
[SourceTitle "BritBase"]
[Source "Alistair Maxwel"]
[SourceDate "2025.11.13"]
[SourceVersion "1"]
[SourceVersionDate "2025.11.13"]
[SourceQuality "1"]

1. c4 e5 2. Nc3 Nc6 3. Nf3 g6 4. g3 Bg7 5. Bg2 d6 6. O-O Nf6 7. d3 O-O 8. Rb1 Rb8 9. b4 a6 10. Bg5 h6 11. Bd2 Be6 12. a4 Qd7 13. b5 axb5 14. axb5 Ne7 15. e4 Nh5 16. Nh4 g5 17. Nf3 g4 18. Ne1 f5 19. exf5 Nxf5 20. Qxg4 Nf6 21. Qd1 Nd4 22. Qc1 Qf7 23. Be3 Qh5 24. Bxd4 exd4 25. Ne4 Ng4 26. h3 Ne5 27. f4 Bxh3 28. Bxh3 Qxh3 29. Qd2 Ng4 30. Nf3 Rf5 31. Nh4 Rh5 32. Qg2 Rxh4 33. gxh4 Qxg2+ 34. Kxg2 Ne3+ 35. Kf3 Nxf1 36. Rxf1 Ra8 37. Rd1 Ra2 38. Kg4 Kf7 39. Kh5 b6 40. Rd2 Ra1 41. Rf2 Rb1 42. Ng3 d5 43. Nf5 dxc4 44. dxc4 Rc1 45. Nxg7 Kxg7 46. Rg2+ Kh7 47. Re2 Rxc4 48. Re7+ Kg8 49. Kg6 Kf8 50. Kf6 d3 51. f5 Rd4 52. Rxc7 Rd6+ 53. Ke5 d2 54. Kxd6 d1=Q+ 55. Kc6 Qd4 56. Kb7 Qxh4 57. Kxb6 Qe4 58. Ka7 Qxf5 59. b6 Qa5+ 60. Kb7 h5 61. Rc6 h4 62. Kb8 h3 63. b7 h2 64. Rc8+ Ke7 65. Rc7+ Kd6 66. Rh7 Qa2 67. Rh6+ Ke5 68. Kc8 Qg8+ 69. Kc7 Qg7+ 70. Kc8 Qf8+ 71. Kc7 Qg7+ 72. Kc8 Qxh6 73. b8=Q+ Qd6 74. Qb5+ Kf6 75. Qf1+ Ke7 76. Qg2 Qe5 77. Kb7 Kf6 78. Ka8 Qa1+ 79. Kb7 h1=Q 0-1

[Event "Glasgow Open"]
[Site "Glasgow"]
[Date "1978.09.25"]
[Round "6"]
[White "McDonald, W."]
[Black "Reid, Neil"]
[Result "0-1"]
[WhiteElo "1865"]
[BlackElo "1965"]
[PlyCount "58"]
[EventDate "1978.09.22"]
[EventType "swiss"]
[EventRounds "6"]
[EventCountry "SCO"]
[SourceTitle "BritBase"]
[Source "Alistair Maxwel"]
[SourceDate "2025.11.13"]
[SourceVersion "1"]
[SourceVersionDate "2025.11.13"]
[SourceQuality "1"]

1. e4 Nf6 2. e5 Nd5 3. c4 Nb6 4. d4 d6 5. f4 dxe5 6. fxe5 Nc6 7. Be3 Bf5 8. Nc3 e6 9. Nf3 Nb4 10. Rc1 c5 11. Be2 Be7 12. O-O O-O 13. dxc5 Nd7 14. Qb3 a5 15. Rfd1 Qc8 16. Na4 Nxc5 17. Nxc5 Bxc5 18. Nd4 a4 19. Qc3 Nxa2 20. Qe1 Nxc1 21. Rxc1 Rd8 22. Qf2 Bxd4 23. Bxd4 Qd7 24. Rd1 a3 25. bxa3 Rxa3 26. g4 Be4 27. h4 Qc6 28. Rf1 Rd7 29. g5 Rh3 0-1

[Event "Glasgow Open"]
[Site "Glasgow"]
[Date "1978.09.25"]
[Round "6"]
[White "Dempsey, John P"]
[Black "Lamont, IL."]
[Result "1-0"]
[WhiteElo "1665"]
[BlackElo "1930"]
[PlyCount "31"]
[EventDate "1978.09.22"]
[EventType "swiss"]
[EventRounds "6"]
[EventCountry "SCO"]
[SourceTitle "BritBase"]
[Source "Alistair Maxwel"]
[SourceDate "2025.11.13"]
[SourceVersion "1"]
[SourceVersionDate "2025.11.13"]
[SourceQuality "1"]

1. e4 e6 2. d4 d5 3. Nd2 Nf6 4. e5 Nfd7 5. f4 c5 6. Ndf3 Nc6 7. c3 Qa5 8. Ne2 b6 9. Bd2 Ba6 10. c4 Nb4 11. Ng3 dxc4 12. a3 Nd3+ 13. Bxd3 Qb5 14. Be4 Rd8 15. Bc3 cxd4 16. Nxd4 1-0

[Event "Glasgow Open"]
[Site "Glasgow"]
[Date "1978.09.25"]
[Round "6"]
[White "Quinn, David"]
[Black "Mitchell, Robert"]
[Result "1-0"]
[WhiteElo "1950"]
[BlackElo "1600"]
[PlyCount "47"]
[EventDate "1978.09.22"]
[EventType "swiss"]
[EventRounds "6"]
[EventCountry "SCO"]
[SourceTitle "BritBase"]
[Source "Alistair Maxwel"]
[SourceDate "2025.11.13"]
[SourceVersion "1"]
[SourceVersionDate "2025.11.13"]
[SourceQuality "1"]

1. e4 d6 2. f4 Nf6 3. Nc3 g6 4. Nf3 Bg7 5. Bc4 O-O 6. d3 c6 7. O-O b5 8. Bb3 a5 9. a3 Bg4 10. Qe1 Nbd7 11. Qh4 Qb6+ 12. Kh1 b4 13. axb4 axb4 14. Rxa8 Rxa8 15. Na4 Qb7 16. Ng5 Be6 17. Nxe6 fxe6 18. Bxe6+ Kh8 19. b3 Nf8 20. Bh3 N8d7 21. f5 gxf5 22. Bxf5 Nb6 23. Nxb6 Qxb6 24. Bg5 1-0

[Event "Glasgow Open"]
[Site "Glasgow"]
[Date "1978.09.25"]
[Round "6"]
[White "Thomson, Craig SM"]
[Black "Wilson, SJB"]
[Result "1-0"]
[WhiteElo "1890"]
[BlackElo "1750"]
[PlyCount "49"]
[EventDate "1978.09.22"]
[EventType "swiss"]
[EventRounds "6"]
[EventCountry "SCO"]
[SourceTitle "BritBase"]
[Source "Alistair Maxwel"]
[SourceDate "2025.11.13"]
[SourceVersion "1"]
[SourceVersionDate "2025.11.13"]
[SourceQuality "1"]

1. d4 Nf6 2. Bg5 d5 3. Bxf6 gxf6 4. e3 Bf5 5. c4 e6 6. cxd5 Qxd5 7. Nc3 Qa5 8. Nge2 Nd7 9. a3 c6 10. Ng3 Bg6 11. Bd3 O-O-O 12. O-O Bxd3 13. Qxd3 h5 14. b4 Qg5 15. b5 Ne5 16. Qe2 Ng4 17. bxc6 Nxh2 18. cxb7+ Kb8 19. Kxh2 Bd6 20. Nce4 Qh4+ 21. Kg1 Bc7 22. Nc5 Bb6 23. Qf3 Rd5 24. Nge4 Bxc5 25. Nxc5 1-0

[Event "Glasgow Open"]
[Site "Glasgow"]
[Date "1978.09.25"]
[Round "6"]
[White "French, T."]
[Black "McGowan, Alan"]
[Result "0-1"]
[WhiteElo "1490"]
[BlackElo "1835"]
[PlyCount "72"]
[EventDate "1978.09.22"]
[EventType "swiss"]
[EventRounds "6"]
[EventCountry "SCO"]
[SourceTitle "BritBase"]
[Source "Alistair Maxwel"]
[SourceDate "2025.11.13"]
[SourceVersion "1"]
[SourceVersionDate "2025.11.13"]
[SourceQuality "1"]

1. e4 e6 2. d4 d5 3. exd5 exd5 4. Nf3 Bd6 5. Be3 Nc6 6. Nbd2 Bg4 7. c3 Nge7 8. h3 Bh5 9. Bd3 h6 10. Qc2 Qd7 11. O-O-O Bg6 12. Rde1 O-O-O 13. g4 Bxd3 14. Qxd3 Ng6 15. Ng1 Nh4 16. Ne2 Rde8 17. Reg1 Nd8 18. f4 Re7 19. Bf2 Rhe8 20. Bxh4 Re3 21. Qc2 Rxe2 22. Rf1 Ne6 23. Re1 Nxf4 24. Rxe2 Rxe2 25. Re1 Qe6 26. Rxe2 Qxe2 27. Qf5+ Kb8 28. Qxf7 a6 29. Kc2 g5 30. Bg3 Qd3+ 31. Kb3 Qxg3 32. Qe8+ Ka7 33. Nf1 Qd3 34. Ne3 Ne2 35. Nxd5 Nxd4+ 36. Ka4 Qc2+ 0-1

[Event "Glasgow Open"]
[Site "Glasgow"]
[Date "1978.09.25"]
[Round "6"]
[White "Hood, GG."]
[Black "Holloway, Alan"]
[Result "0-1"]
[WhiteElo "1920"]
[BlackElo "1825"]
[PlyCount "80"]
[EventDate "1978.09.22"]
[EventType "swiss"]
[EventRounds "6"]
[EventCountry "SCO"]
[SourceTitle "BritBase"]
[Source "Alistair Maxwel"]
[SourceDate "2025.11.13"]
[SourceVersion "1"]
[SourceVersionDate "2025.11.13"]
[SourceQuality "1"]

1. e4 c5 2. d4 cxd4 3. c3 dxc3 4. Nxc3 Nc6 5. Bc4 d6 6. Nf3 Nf6 7. h3 e6 8. Bf4 Be7 9. O-O O-O 10. Qe2 e5 11. Be3 Be6 12. Rad1 Bxc4 13. Qxc4 a6 14. Kh1 Rc8 15. Qe2 Qc7 16. Rc1 Qb8 17. Rfd1 Rfd8 18. Bb6 Rd7 19. Na4 Bd8 20. Nh4 g6 21. Qe3 Ne8 22. Qh6 Bc7 23. Nf3 f6 24. g4 Rcd8 25. g5 Rf7 26. Be3 f5 27. exf5 Rxf5 28. Nh4 Rf7 29. Nc3 Qc8 30. Kh2 Ne7 31. Nd5 Nxd5 32. Rxd5 Qe6 33. Rd2 d5 34. Bc5 e4+ 35. Kg2 Qe5 36. Rcd1 Qh2+ 37. Kf1 Qxh3+ 38. Ke2 Qe6 39. Rg1 Be5 40. b3 Bg7 0-1

[Event "Glasgow Open"]
[Site "Glasgow"]
[Date "1978.09.25"]
[Round "6"]
[White "Anderson, JG."]
[Black "Springham, S."]
[Result "0-1"]
[WhiteElo "1815"]
[BlackElo "1915"]
[PlyCount "54"]
[EventDate "1978.09.22"]
[EventType "swiss"]
[EventRounds "6"]
[EventCountry "SCO"]
[SourceTitle "BritBase"]
[Source "Alistair Maxwel"]
[SourceDate "2025.11.13"]
[SourceVersion "1"]
[SourceVersionDate "2025.11.13"]
[SourceQuality "1"]

1. c4 e5 2. Nc3 Nf6 3. d3 d5 4. cxd5 Nxd5 5. Bd2 Be6 6. Nf3 Nc6 7. a3 Be7 8. e3 O-O 9. Be2 f5 10. O-O Qe8 11. b4 a6 12. Rc1 Qg6 13. e4 fxe4 14. dxe4 Nf4 15. Bxf4 Rxf4 16. Nd5 Bh3 17. g3 Rf7 18. Nxe7+ Rxe7 19. Bc4+ Kh8 20. Re1 Rf8 21. Bf1 Bg4 22. Be2 Qf6 23. Rc3 Nd4 24. Nxd4 Qxf2+ 25. Kh1 Qxd4 26. Qxd4 exd4 27. Rd3 Rxe4 0-1